Statistics for Presidents of Pakistan

Click here to take the quiz!

General Stats

  • This quiz has been taken 142 times
  • The average score is 6 of 13

Answer Stats

HintAnswer% Correct
1971-1973Zulfiqar Ali Bhutto
72%
2018-Arif Alvi
66%
2001-2008Pervez Musharraf
65%
2008-2013Asif Ali Zardari
64%
1978-1988Muhammad Zia-ul-Haq
60%
1958-1969Ayub Khan
55%
1969-1971Yahya Khan
43%
2013-2018Mamnoon Hussain
42%
1956-1958Iskander Mirza
35%
1978-1993Ghulam Ishaq Khan
25%
1993-1997Farooq Leghari
24%
1998-2001Muhammad Rafiq Tarar
24%
1973-1978Fazal Ilahi Chaudhry
15%

Score Distribution

Percentile by Number Answered

Percent of People with Each Score

Your Score History

You have not taken this quiz